000 00687nam a2200217 a 4500
001 000016250
005 20200929164334.0
008 100302s2008 ck 000 0 spa d
020 _a9789587047325
040 _aDO-SdBNP
_bspa
_cBNPHU
082 _aCH863.4
_bD687l
100 1 _aDonoso, José,
_d1924-
_915632
245 1 0 _aLagartija sin cola /
_cJosé Donoso ; edición Julio Ortega.
260 _aBogotá, Colombia :
_bAguilar,
_c2008.
300 _a228 p. ;
_c24 cm.
500 _aIncluye datos biográficos del autor en la solapa de la cubierta
650 4 _aNovela chilena
_93163
650 4 _aLiteratura chilena
_93164
700 1 _aOrtega, Julio,
_eed.
_915068
049 _aBNPD
999 _c15787
_d15787